| 000 | 00408nam a22001577a 4500 | ||
|---|---|---|---|
| 003 | OSt | ||
| 005 | 20260323102528.0 | ||
| 008 | 260323b |||||||| |||| 00| 0 eng d | ||
| 020 | _a9788120417038 | ||
| 040 | _cIIMT UNIVERSITY, MEERUT | ||
| 100 | _aAmritpal Singh | ||
| 245 | _aMedicinal Plants Of The World | ||
| 260 |
_aNEW DELHI _bCBS Publishers & Distributors _c2021 |
||
| 300 | _a348 | ||
| 942 |
_2ddc _c01 |
||
| 999 |
_c67359 _d67359 |
||